00286nam a2200121Ia 4500008004100000100001400041245001900055260003500074300000900109650002200118942000700140999001700147190216s9999||||xx |||||||||||||| ||und|| aNagavalli 0aViswamahakatha bThe Educational Suppliesc1989 a134p aMalayalam Nadakam cBK c24090d24090